Footballeurs qui ont marqué le plus de but - Statistiques

Statistiques générales
  • Ce quiz a été pris 1 574 fois
  • Le résultat moyen est 4 sur 10
Statistiques - réponses
Nombre de but Joueur % Correct
880 Cristiano Ronaldo
100%
837 Lionel Messi
100%
757 Pelé
87%
661 Robert Lewandowski
47%
735 Gerd Müller
33%
746 Ferenc Puskás
29%
631 Eusébio
16%
772 Romario
16%
805 Josef Bican
11%
576 Ferenc Deák
2%
Aucun quiz correspondant
Distribution des résultats
% des personnes avec chaque résultat
Percentile par nombre de réponses
Votre historique - résultats
Vous n’avez pas pris ce quiz